| 000 | 01893 a2200205 4500 | ||
|---|---|---|---|
| 001 | 29647 | ||
| 005 | 20260407155606.0 | ||
| 008 | 260407a1976 arg spa d | ||
| 003 | AR-UNSa-BCEJYS | ||
| 040 |
_aAR-UNSa-BCEJYS _bspa _cAR-UNSa-BCEJYS |
||
| 080 |
_a657.36 _xBalances de comprobación (balance estimativo). Balances de saldo. Balance intermedio |
||
| 245 | 1 | 0 | _aCómo analizar un balance |
| 250 | _a6a. ed | ||
| 264 | 1 |
_aBuenos Aires : _bSelección Contable _c1976 |
|
| 300 |
_a262 p. _c24 cm. |
||
| 505 | _aParte I: Conceptos preliminares relativos al estudio del analisis de balances 1. Introducción al análisis de balance - 2. Nociones sobre el balance contable - 3. Conjunto de activo y sus subconjuntos - 4. Conjunto de pasivo y sus subcinjuntos - 5. Demostración de ganancias y perdidas - Parte II: Análisis de balances elementos y cocientes 6. Liquidez financiera - 7. La rotación y su forma universal - 8. Rotación de inventarios o bienes de cambio - 9. Rotación de creditos - 10. Rotación de deudas - 11. Capital corriente y su formula - 12. Inventarios y capital corriente - 13. Deudas de financiación y capital corriente - 14. Ventas y capital corriente - 15. Activo circulante y capital propio - 16. Pasivo circulante y capital propio - 17. Activo fijo y capital propio - 18. Activo Fijo y deudas - 19. Activo fijo y circulante - 20. Rentabilidad del capital propio - 21. Rentabilidad del capitald de terceros - 22. Rentabilidad del capital fijo - 23. Rentabilidad del activo circulante - 24. Rentabilidad del capital corriente - 25. Rentabilidad de las ventas - 26. Rentabilidad de costos - 27. Ventas y capital propio - Parte III: Teoria y practica de la dinamica de la liquidez financiera 28. Problemas de liquidez - 29. Caso especial de analisis de liquidez. | ||
| 942 | _cBK | ||
| 590 | _aniveau_biblio:m niveau_hierar:0 | ||
| 100 | 1 | _aLópes de Sa, Antonio | |
| 999 |
_c1926 _d1926 |
||